00597nam a2200205Ia 450000500170000000800410001702000150005808200130007324500460008626000410013230000190017365000180019265000150021065000120022565000130023770000230025094200060027395200970027999900150037620250117001540.0240331s9999 xx 000 0 und d a0415159814 bWHOa920 0aWho's who in contemporary women's writing aLondon And New YorkbRoutledgec2001 aXXI, 385 p .,  aWomen Studies aLiterature aHistory aPolitics aMiller, J.E. eedt cL 001040708LaWERCLbWERCLcSSCd2024-03-31l0o 920.7 WHOp6389r2024-03-31w2024-03-31yL c4452d4452